Statistiques concernant Top 10 des pays en brevets

Cliquez ici pour prendre le quiz!

Statistiques générales

  • Ce quiz a été pris 236 fois
  • Le résultat moyen est 6 sur 10

Statistiques - réponses

No.brevetsPays% Correct
856États-Unis
97%
396Chine
86%
902Allemagne
79%
2,250Japon
77%
2,962Corée du Sud
60%
1,013Suisse
56%
665Finlande
36%
444Pays-bas
36%
539Danemark
34%
489Autriche
29%

Distribution des résultats

Percentile par nombre de réponses

% des personnes avec chaque résultat

Votre développement - résultats

Vous n’avez pas pris ce quiz